<?xml version="1.0" encoding="UTF-8"?>
<record
    xmlns:xsi="http://www.w3.org/2001/XMLSchema-instance"
    xsi:schemaLocation="http://www.loc.gov/MARC21/slim http://www.loc.gov/standards/marcxml/schema/MARC21slim.xsd"
    xmlns="http://www.loc.gov/MARC21/slim">

  <leader>00867na  a2200277   4500</leader>
  <controlfield tag="001">24094</controlfield>
  <controlfield tag="003">MIRAKIL</controlfield>
  <controlfield tag="005">20181213155330.0</controlfield>
  <controlfield tag="008">180326b        tu            000 0      </controlfield>
  <datafield tag="040" ind1=" " ind2=" ">
    <subfield code="a">Milas</subfield>
    <subfield code="b">tur</subfield>
    <subfield code="c">TR-AnCHP</subfield>
  </datafield>
  <datafield tag="041" ind1=" " ind2=" ">
    <subfield code="a">tur</subfield>
  </datafield>
  <datafield tag="082" ind1=" " ind2=" ">
    <subfield code="a">320.9561</subfield>
    <subfield code="b">C35s 1984</subfield>
  </datafield>
  <datafield tag="090" ind1=" " ind2=" ">
    <subfield code="a">320.9561 C35s 1984</subfield>
  </datafield>
  <datafield tag="100" ind1=" " ind2=" ">
    <subfield code="a">Cem, &#x130;smail</subfield>
    <subfield code="d">1940-2007</subfield>
  </datafield>
  <datafield tag="245" ind1=" " ind2=" ">
    <subfield code="a">Siyaset yaz&#x131;lar&#x131;</subfield>
    <subfield code="b">Ge&#xE7;i&#x15F; d&#xF6;nemi T&#xFC;rkiyesi</subfield>
    <subfield code="b">1981-1984 y&#x131;llar&#x131;</subfield>
    <subfield code="c">&#x130;smail Cem</subfield>
  </datafield>
  <datafield tag="246" ind1=" " ind2=" ">
    <subfield code="a">1981-1984 y&#x131;llar&#x131;</subfield>
  </datafield>
  <datafield tag="246" ind1=" " ind2=" ">
    <subfield code="a">Ge&#xE7;i&#x15F; d&#xF6;nemi T&#xFC;rkiyesi</subfield>
  </datafield>
  <datafield tag="260" ind1=" " ind2=" ">
    <subfield code="a">&#x130;stanbul</subfield>
    <subfield code="b">Cem Yay&#x131;nevi</subfield>
    <subfield code="c">1984</subfield>
    <subfield code="f">&#xD6;zt&#xFC;rk Matbaas&#x131;</subfield>
  </datafield>
  <datafield tag="300" ind1=" " ind2=" ">
    <subfield code="a">327 s.</subfield>
    <subfield code="c">19 sm.</subfield>
  </datafield>
  <datafield tag="440" ind1=" " ind2=" ">
    <subfield code="a">K&#xFC;lt&#xFC;r dizisi</subfield>
  </datafield>
  <datafield tag="600" ind1=" " ind2=" ">
    <subfield code="a">Cem, &#x130;smail</subfield>
    <subfield code="d">1940-2007</subfield>
    <subfield code="x">Siyasi yaz&#x131;lar</subfield>
  </datafield>
  <datafield tag="650" ind1=" " ind2=" ">
    <subfield code="a">Siyaset ve y&#xF6;netim</subfield>
    <subfield code="x">T&#xFC;rkiye</subfield>
    <subfield code="y">1981-1984</subfield>
  </datafield>
  <datafield tag="740" ind1=" " ind2=" ">
    <subfield code="a">1981-1984 y&#x131;llar&#x131;</subfield>
  </datafield>
  <datafield tag="740" ind1=" " ind2=" ">
    <subfield code="a">Ge&#xE7;i&#x15F; d&#xF6;nemi T&#xFC;rkiyesi</subfield>
  </datafield>
  <datafield tag="942" ind1=" " ind2=" ">
    <subfield code="2">ddc</subfield>
    <subfield code="c">BKS</subfield>
  </datafield>
  <datafield tag="952" ind1=" " ind2=" ">
    <subfield code="a">0001</subfield>
    <subfield code="b">0001</subfield>
    <subfield code="d">2018-03-26</subfield>
    <subfield code="e">2</subfield>
    <subfield code="l">2</subfield>
    <subfield code="o">320.9561 C35s 1984</subfield>
    <subfield code="p">018128</subfield>
    <subfield code="r">2021-03-25 00:00:00</subfield>
    <subfield code="s">2021-03-24</subfield>
    <subfield code="v">0.00</subfield>
    <subfield code="w">2018-03-26</subfield>
    <subfield code="y">BKS</subfield>
  </datafield>
  <datafield tag="999" ind1=" " ind2=" ">
    <subfield code="c">10655</subfield>
    <subfield code="d">10655</subfield>
  </datafield>
</record>
